Statistiken für Stadtteile des Ruhrgebietes

Klicken Sie hier um das Quiz zu spielen!

Allgemein

  • Dieses Quiz wurde 88 mal gespielt
  • Das Durchschnittsergebnis liegt bei 13 aus 24

Antwortstatistiken

StadtteilStadt% Korrekt
BuerGelsenkirchen
88%
KettwigEssen
86%
MeiderichDuisburg
85%
SteeleEssen
79%
WanneHerne
78%
LangendreerBochum
76%
HördeDortmund
74%
RuhrortDuisburg
71%
BoyBottrop
64%
HohenlimburgHagen
63%
SterkradeOberhausen
63%
StiepelBochum
58%
EvingDortmund
56%
StyrumMülheim
54%
ErgsteSchwerte
46%
BrambauerLünen
42%
AnnenWitten
42%
HenrichenburgCastrop-Rauxel
40%
OsterfeldOberhausen
40%
HeessenHamm
35%
MethlerKamen
33%
BlankensteinHattingen
29%
RepelenMoers
22%
VolmarsteinWetter
22%

Verteilung der Resultate

Perzentil nach korrekt beantworteten Fragen

Anzahl Personen mit jedem Resultat

Ihre Resultats-Entwicklung

Sie haben dieses Quiz noch nicht gespielt